<?xml version="1.0" encoding="UTF-8"?>
<record
    xmlns:xsi="http://www.w3.org/2001/XMLSchema-instance"
    xsi:schemaLocation="http://www.loc.gov/MARC21/slim http://www.loc.gov/standards/marcxml/schema/MARC21slim.xsd"
    xmlns="http://www.loc.gov/MARC21/slim">

  <leader>02264njm0a2200385   4500</leader>
  <controlfield tag="001">RU\NLR\ONIZ\225163</controlfield>
  <controlfield tag="005">20250708192937.0</controlfield>
  <datafield tag="035" ind1=" " ind2=" ">
    <subfield code="a">(NLR Aleph) 011951916</subfield>
  </datafield>
  <datafield tag="035" ind1=" " ind2=" ">
    <subfield code="a">RU\NLR\ONIZ\GALA\5000034335\20190301123028</subfield>
  </datafield>
  <datafield tag="071" ind1="0" ind2="0">
    <subfield code="a">222298-99</subfield>
  </datafield>
  <datafield tag="090" ind1=" " ind2=" ">
    <subfield code="a">13283853</subfield>
    <subfield code="c">13283853</subfield>
  </datafield>
  <datafield tag="100" ind1=" " ind2=" ">
    <subfield code="a">20190301f19001999|||y0rusy50      ca</subfield>
  </datafield>
  <datafield tag="102" ind1=" " ind2=" ">
    <subfield code="a">RU</subfield>
  </datafield>
  <datafield tag="126" ind1=" " ind2=" ">
    <subfield code="a">aduxdxu      ux</subfield>
    <subfield code="b">xxx</subfield>
  </datafield>
  <datafield tag="127" ind1=" " ind2=" ">
    <subfield code="a">000010</subfield>
  </datafield>
  <datafield tag="135" ind1=" " ind2=" ">
    <subfield code="a">honoannnanndn</subfield>
  </datafield>
  <datafield tag="200" ind1="1" ind2=" ">
    <subfield code="a">&#x41A;&#x43E;&#x43D;&#x447;&#x438;&#x43B;&#x43E;&#x441;&#x44C; &#x441;&#x447;&#x430;&#x441;&#x442;&#x44C;&#x435;</subfield>
    <subfield code="b">&#x417;&#x432;&#x443;&#x43A;&#x43E;&#x437;&#x430;&#x43F;&#x438;&#x441;&#x44C;</subfield>
    <subfield code="e">(&#x446;&#x44B;&#x433;&#x430;&#x43D;&#x441;&#x43A;. &#x440;&#x43E;&#x43C;&#x430;&#x43D;&#x441;&#x44A;)</subfield>
    <subfield code="f">&#x41D;. &#x425;&#x430;&#x440;&#x438;&#x442;&#x43E;</subfield>
    <subfield code="g">[&#x441;&#x43B;. &#x412;. &#x414;. &#x428;&#x443;&#x43C;&#x441;&#x43A;&#x438;&#x439;]</subfield>
    <subfield code="g">&#x438;&#x441;&#x43F;&#x43E;&#x43B;&#x43D;.: &#x41D;. &#x413;. &#x421;&#x435;&#x432;&#x435;&#x440;&#x441;&#x43A;&#x438;&#x439;, &#x430;&#x440;&#x442;. &#x440;&#x443;&#x441;&#x441;&#x43A;. &#x43E;&#x43F;-&#x442;&#x44B;</subfield>
  </datafield>
  <datafield tag="210" ind1=" " ind2=" ">
    <subfield code="a">&#x420;&#x438;&#x433;&#x430;</subfield>
    <subfield code="c">Amour Gramophone record</subfield>
    <subfield code="d">[19--]</subfield>
  </datafield>
  <datafield tag="215" ind1=" " ind2=" ">
    <subfield code="a">1 &#x433;&#x440;&#x43F;.(10 &#x43C;&#x438;&#x43D;): 78 &#x43E;&#x431;/&#x43C;&#x438;&#x43D;, &#x43C;&#x43E;&#x43D;&#x43E;; 25 &#x441;&#x43C;, &#x432; &#x43A;&#x43E;&#x43D;&#x432;.</subfield>
  </datafield>
  <datafield tag="423" ind1=" " ind2="0">
    <subfield code="1">2001#$a&#x423;&#x432;&#x44F;&#x434;&#x448;&#x438;&#x435; &#x440;&#x43E;&#x437;&#x44B;$e&#x440;&#x43E;&#x43C;&#x430;&#x43D;&#x441;&#x44A;$f[&#x41F;. &#x418;.] &#x427;&#x435;&#x440;&#x43D;&#x435;&#x446;&#x43A;&#x438;&#x439;$g&#x438;&#x441;&#x43F;&#x43E;&#x43B;&#x43D;.: &#x41D;. &#x413;. &#x421;&#x435;&#x432;&#x435;&#x440;&#x441;&#x43A;&#x438;&#x439;, &#x430;&#x440;&#x442;. &#x440;&#x443;&#x441;&#x441;&#x43A;. &#x43E;&#x43F;-&#x442;&#x44B;</subfield>
    <subfield code="1">686##$a&#x429;943.2-043.3(28)$vLBC/SL$2rubbk</subfield>
    <subfield code="1">700#1$9z01790$a&#x427;&#x435;&#x440;&#x43D;&#x435;&#x446;&#x43A;&#x438;&#x439;$b&#x41B;. &#x418;.$g&#x41B;&#x435;&#x432; &#x418;&#x441;&#x430;&#x43A;&#x43E;&#x432;&#x438;&#x447;$f1875-1940$4230$7ca</subfield>
    <subfield code="1">702#1$9z02790$a&#x421;&#x435;&#x432;&#x435;&#x440;&#x441;&#x43A;&#x438;&#x439; (&#x41F;&#x440;&#x43E;&#x43A;&#x43E;&#x444;&#x44C;&#x435;&#x432;)$b&#x41D;.&#x413;.$g&#x41D;&#x438;&#x43A;&#x43E;&#x43B;&#x430;&#x439; &#x413;&#x435;&#x43E;&#x440;&#x433;&#x438;&#x435;&#x432;&#x438;&#x447;$f1870-1941$4590$4vbr$7ca</subfield>
    <subfield code="1">790#1$9z01700$a&#x10C;erneckij$bL.$gLev$f1875-1940$4230$7ba</subfield>
    <subfield code="1">790#1$9z02702$aSeverskij$bN.$gNikolaj$f1870-1941$4590$4vbr$7ba</subfield>
    <subfield code="t">&#x423;&#x432;&#x44F;&#x434;&#x448;&#x438;&#x435; &#x440;&#x43E;&#x437;&#x44B;</subfield>
    <subfield code="a">&#x427;&#x435;&#x440;&#x43D;&#x435;&#x446;&#x43A;&#x438;&#x439;, &#x41B;&#x435;&#x432; &#x418;&#x441;&#x430;&#x43A;&#x43E;&#x432;&#x438;&#x447; (1875-1940)</subfield>
  </datafield>
  <datafield tag="606" ind1="1" ind2=" ">
    <subfield code="a">&#x418;&#x441;&#x43F;&#x43E;&#x43B;&#x43D;&#x438;&#x442;&#x435;&#x43B;&#x438; &#x43F;&#x435;&#x441;&#x435;&#x43D; &#x438; &#x446;&#x44B;&#x433;&#x430;&#x43D;&#x441;&#x43A;&#x438;&#x445; &#x440;&#x43E;&#x43C;&#x430;&#x43D;&#x441;&#x43E;&#x432;</subfield>
    <subfield code="x">&#x417;&#x432;&#x443;&#x43A;&#x43E;&#x437;&#x430;&#x43F;&#x438;&#x441;&#x44C;</subfield>
    <subfield code="y">&#x420;&#x43E;&#x441;&#x441;&#x438;&#x44F;</subfield>
    <subfield code="z">&#x43D;&#x430;&#x447;. 20 &#x432;.</subfield>
    <subfield code="2">nlr_sh</subfield>
  </datafield>
  <datafield tag="686" ind1=" " ind2=" ">
    <subfield code="a">&#x429;943.2-043.32(28)</subfield>
    <subfield code="v">LBC/SL</subfield>
    <subfield code="2">rubbk</subfield>
  </datafield>
  <datafield tag="700" ind1=" " ind2="1">
    <subfield code="9">z01790</subfield>
    <subfield code="a">&#x425;&#x430;&#x440;&#x438;&#x442;&#x43E;</subfield>
    <subfield code="b">&#x41D;. &#x418;.</subfield>
    <subfield code="c">&#x43A;&#x43E;&#x43C;&#x43F;&#x43E;&#x437;&#x438;&#x442;&#x43E;&#x440;</subfield>
    <subfield code="f">1886-1918</subfield>
    <subfield code="g">&#x41D;&#x438;&#x43A;&#x43E;&#x43B;&#x430;&#x439; &#x418;&#x432;&#x430;&#x43D;&#x43E;&#x432;&#x438;&#x447;</subfield>
    <subfield code="4">230</subfield>
    <subfield code="7">ca</subfield>
  </datafield>
  <datafield tag="702" ind1=" " ind2="1">
    <subfield code="4">570</subfield>
    <subfield code="7">ca</subfield>
    <subfield code="8">rus</subfield>
    <subfield code="a">&#x421;&#x435;&#x432;&#x435;&#x440;&#x441;&#x43A;&#x438;&#x439;</subfield>
    <subfield code="b">&#x41D;. &#x413;.</subfield>
    <subfield code="f">1875-1941</subfield>
    <subfield code="g">&#x41D;&#x438;&#x43A;&#x43E;&#x43B;&#x430;&#x439; &#x413;&#x435;&#x43E;&#x440;&#x433;&#x438;&#x435;&#x432;&#x438;&#x447;</subfield>
    <subfield code="9">247135</subfield>
    <subfield code="3">RU\NLR\AUTH\770247191</subfield>
  </datafield>
  <datafield tag="790" ind1=" " ind2="1">
    <subfield code="9">z01700</subfield>
    <subfield code="a">Charito</subfield>
    <subfield code="b">N.</subfield>
    <subfield code="f">1886-1918</subfield>
    <subfield code="g">Nikolaj</subfield>
    <subfield code="4">230</subfield>
    <subfield code="7">ba</subfield>
  </datafield>
  <datafield tag="790" ind1=" " ind2="1">
    <subfield code="9">z02702</subfield>
    <subfield code="a">Severskij</subfield>
    <subfield code="b">N.</subfield>
    <subfield code="f">1870-1941</subfield>
    <subfield code="g">Nikolaj</subfield>
    <subfield code="4">590</subfield>
    <subfield code="7">ba</subfield>
  </datafield>
  <datafield tag="801" ind1=" " ind2="0">
    <subfield code="a">RU</subfield>
    <subfield code="b">NLR</subfield>
    <subfield code="c">20190301</subfield>
    <subfield code="g">PSBO</subfield>
  </datafield>
  <datafield tag="801" ind1=" " ind2="1">
    <subfield code="a">RU</subfield>
    <subfield code="b">NLR</subfield>
    <subfield code="c">20190301</subfield>
    <subfield code="2">rusmarc</subfield>
  </datafield>
  <datafield tag="801" ind1=" " ind2="2">
    <subfield code="a">RU</subfield>
    <subfield code="b">NLR</subfield>
    <subfield code="c">20190301</subfield>
  </datafield>
  <datafield tag="852" ind1=" " ind2=" ">
    <subfield code="a">NLR</subfield>
    <subfield code="b">&#x41C;&#x433;</subfield>
    <subfield code="j">2&#x43A;/2172</subfield>
    <subfield code="p">7486</subfield>
    <subfield code="t">1</subfield>
  </datafield>
  <datafield tag="942" ind1=" " ind2=" ">
    <subfield code="c">REC</subfield>
  </datafield>
  <datafield tag="980" ind1=" " ind2=" ">
    <subfield code="a">ONIZ</subfield>
  </datafield>
  <datafield tag="980" ind1=" " ind2=" ">
    <subfield code="a">NB</subfield>
  </datafield>
  <datafield tag="995" ind1=" " ind2=" ">
    <subfield code="5">2019-03-01</subfield>
    <subfield code="b">NLR01</subfield>
    <subfield code="c">NLR01</subfield>
    <subfield code="e">ONIZ</subfield>
    <subfield code="k">2&#x43A;/2172 2&#x43A;/2172</subfield>
    <subfield code="o">0</subfield>
    <subfield code="r">REC</subfield>
    <subfield code="s">22172_22172</subfield>
  </datafield>
</record>
